000
00305nam a22001337a 4500
008
180126b xxu||||| |||| 00| 0 eng d
020
_a
9780876543009
041
_a
eng
080
_a
371
100
_a
46
101
_a
edu
245
_a
Art Quilts: Playing with A Full Deck
_c
Pierce, S
942
_2
udc
_c
BK
999
_c
41065
_d
41065